000 00509nam a2200217Ia 4500
003 0100
008 130307s9999 xx 000 0 und d
040 _cARRUPELIB
050 _aBD161.C17 2004
100 _aCardinal, Daniel
245 _aEpistemology
245 _bthe theory of knowledge
260 _aLondon
260 _bJohn Murray
260 _c2004
300 _a156p.
300 _b23cm
650 _bJesus christ -- Biography
700 _aHayward, Jeremy ; Jones, Gerald
942 0 0 _07
999 _c101500
_d101500